| 000 | 00803cab a22002295a 4500 | ||
|---|---|---|---|
| 001 | L159856 | ||
| 008 | 150113e2017 xxk 000 0 eng d | ||
| 035 | _a(Sirsi) u159856 | ||
| 041 | 0 | _aeng | |
| 050 | _218 | ||
| 100 | 1 | _aPhillips, P. | |
| 245 | 0 | 0 |
_aHidden hazard _h[electronic resource] |
| 260 |
_aLondon _bRICS _c2017 |
||
| 490 |
_aRICS Building Surveying Journal _vJuly - August 2017, 22(1) |
||
| 520 | _aExplains how to deal with asbestos encountered unexpectedly during refurbishment projects. | ||
| 650 | 2 | 4 | _aMANAGEMENT-HEALTH AND SAFETY-HAZARDOUS SUBSTANCES-ASBESTOS |
| 651 | 4 |
_aUnited Kingdom _y |
|
| 690 |
_aHealth and safety _96244 |
||
| 856 | 4 | 0 |
_uhttps://issuu.com/ricsmodus/docs/building_surveying_journal_july___a _z _yAvailable free online via Issuu |
| 856 | 4 | 0 |
_u _z |
| 942 | _n0 | ||
| 999 |
_c85019 _d85019 |
||